Une lettre suffit pour répondre juste #109 (attention 10 lettres tuent) - Statistiques

Statistiques générales
  • Ce quiz a été pris 83 fois
  • Le résultat moyen est 4 sur 6
Statistiques - réponses
Hint Réponse % Correct
Donne une des 5 lettres du mot anglais de 5 lettres qui signifie à la fois : - une Grande course de chevaux qui a lieu chaque année à Epsom, en Angleterre - une rencontre sportive entre deux équipes d'une même ville, voire entre deux villes géographiquement voisines, généralement distantes de moins de 50 kilomètres, et qui ont une rivalité sportive - un cocktail à base de gin, de feuilles de menthe et de bitter à la pêche DERBY
100%
Donne une des 4 lettres du nom d'artiste en 4 lettres de cette chanteuse, rappeuse, algéro-canadienne qui s'est fait connaître en 2008 avec son premier album Dima et ses chansons C'est chelou et Je te promets :
_ _ _ _
ZAHO
86%
Donne une des 3 lettres qui complète le nom de cette figure majeure de la Révolution française, guillotiné le 5 avril 1794 : Camille De_ _ou_ins
SML
62%
Donne une des 2 lettres qui complète le nom de ce pilote automobile brésilien qui a remporté le titre de champion du monde de Formule 1 à trois reprises en 1981, 1983 et 1987 : Nelson _i_uet
PQ
48%
Donne la lettre qui complète le nom de l'élément chimique de numéro atomique 54 ici liquéfié dans une bouteille : _énon
X
45%
Donne la lettre qui complète le nom du film français réalisé par Jean Girault, sorti en 1971 avec Louis de Funès dont voici une photo : _o
J
26%
Aucun quiz correspondant
Distribution des résultats
% des personnes avec chaque résultat
Percentile par nombre de réponses
Votre historique - résultats
Vous n’avez pas pris ce quiz